Statistics for Top 10 Most Downloaded Free Apps

Click here to take the quiz!

General Stats

  • This quiz has been taken 29 times
  • The average score is 3 of 10

Answer Stats

HintAnswer% Correct
1Facebook
79%
7Google Earth
54%
6Google Search
54%
8Angry Birds Free
29%
4Skype
14%
9Shazam
11%
10Netflix
7%
2Pandora
7%
5The Weather Channel
4%
3Words with Friends Free
0%

Score Distribution

Percentile by Number Answered

Percent of People with Each Score

Your Score History

You have not taken this quiz